[Event "Mumbai Wealth U13 op 5th"]
[Site "Mumbai"]
[Date "2020.01.03"]
[Round "5"]
[White "Lad, Mandar Pradip"]
[Black "Kinkhabwala, Hrithik"]
[Result "1-0"]
[WhiteElo "1740"]
[BlackElo "1385"]
[PlyCount "87"]
[EventDate "2019.12.30"]
[EventType "swiss"]
[EventRounds "9"]
[EventCountry "IND"]
[SourceTitle "CBM 194 Extra"]
[Source "ChessBase"]
[SourceDate "2020.03.31"]
[SourceVersion "1"]
[SourceVersionDate "2020.03.31"]
[SourceQuality "1"]

1. d4 d5 2. c4 e6 3. Nc3 Nf6 4. Bg5 Be7 5. e3 h6 6. Bh4 0-0 7. Nf3 b6 8. cxd5 Nxd5 9. Bxe7 Qxe7 10. Nxd5 exd5 11. Be2 Bf5 12. 0-0 Nd7 13. Rc1 Nf6 14. Rc6 a5 15. Bd3 Bxd3 16. Qxd3 Rfd8 17. Rfc1 Ne8 18. a3 Rd6 19. Qf5 Rxc6 20. Rxc6 a4 21. Qxd5 Ra5 22. Qc4 Qe4 23. Qc2 Qxc2 24. Rxc2 c5 25. dxc5 Rxc5 26. Rxc5 bxc5 27. Kf1 Nd6 28. Nd2 Kf8 29. Ke2 Ke7 30. Kd3 f5 31. Nc4 Nc8 32. Na5 Nb6 33. Nc4 Nc8 34. Kc3 Kd7 35. b4 Kc6 36. Ne5+ Kb6 37. bxc5+ Kxc5 38. Nd3+ Kb6 39. Nf4 Nd6 40. Ne6 g5 41. Nd4 Kc5 42. f3 Nc4 43. Nxf5 Nxa3 44. Nxh6 1-0